| 000 | 00924cab a2200265 4500 | ||
|---|---|---|---|
| 001 | WB3231-77 | ||
| 008 | 090401t1996 xxu||||| |||| 00| 0 eng d | ||
| 035 | _a(Sirsi) u69846 | ||
| 041 | _aeng | ||
| 245 | _aStructure plan | ||
| 260 | _c1996 | ||
| 350 | _a0 | ||
| 490 |
_aEstates Gazette Case Summaries _v[1996] EGCS 139 (3/8/96) |
||
| 520 | _a"Steel v North Yorkshire CC and another" QBD 18 July 1996. The council does not have to give reasons why it rejected its consultative panel`s projected housing figures as long as it gives reasons for following its own different figures. | ||
| 650 | _aEXAMINATION IN PUBLIC | ||
| 650 | _aHOUSING ALLOCATION | ||
| 650 | _aHOUSING POLICY | ||
| 650 | _aINTERESTS PREJUDICED | ||
| 650 | _aREASONS | ||
| 650 | _aSTEEL V NORTH YORKSHIRE CC AND ANOTHER | ||
| 650 | _aSTRUCTURE PLAN | ||
| 690 | _aPLANNING LAW AND PRACTICE-CASE LAW | ||
| 942 | _n0 | ||
| 948 | _c04/03/1997 | ||
| 999 |
_c43913 _d43913 |
||